000
00340nam a2200145Ia 4500
008
231217s9999 xx 000 0 und d
041
_a
English
082
_a
001.6424OFF SSI;1 R
100
_a
SSI Press
245
0
_a
Office 2000 handbook
260
_c
NULL
_b
SSI Limited
_a
Chennai
300
_a
299
650
_a
Office
942
_c
AA
999
_c
178104
_d
178104